00581nam a22002057a 450000500170000001000130001702000220003003500130005203700160006504000120008108200150009310000160010824500680012426000450019227000420023730000250027950000190030465000280032365000240035120170124110008.0 aA-541139 c00.00a817024448X aA-541139 bCen Lib/Ret aDPLbEN a303.6bGHO aGhosh, S.K. aPolitics of violence :cby S.K.Ghoshbdawn of a dangerous era / aNew DelhibAshish Publishing Housec1992 a8/81, Punjabi BaghbNew Delhie110026 avi,171p. :c20cm(Hb) aIncludes index aPolitics and government aViolence -- India.